000 00229 a2200085 4500
020 _a26 9781851774364
100 _aELEANOR GAWNE
245 _aEXPLORING ARCHITECTURE: BUILDINGS, MEANING AND MAKING
260 _bVICTORIA & ALBERT MUSEUM
999 _c13100
_d13100